| 000 | 00786nam a2200253 u 4500 | ||
|---|---|---|---|
| 005 | 20220916063626.0 | ||
| 008 | 150622s2006 r 000 0 eng d | ||
| 020 | _a8424111192 (10 dígitos) | ||
| 020 | _a9788424111199 (13 dígitos) | ||
| 035 | _aUPN01000204422 | ||
| 049 | _aI | ||
| 050 | 4 |
_aN7430 _bM3.2 |
|
| 100 | 1 |
_aManning, Mick, _d1959- _937628 |
|
| 245 | 1 | 0 |
_aArte / _cMick Manning, Brita Granström ; tr. María Luisa Rodríguez Pérez. |
| 260 |
_aLeón, Esp. : _bEverest, _c2006. |
||
| 300 |
_a[47] p. : _bil. col. |
||
| 440 | 0 | _aMi primer libro | |
| 534 |
_pTitulo original: _tArt school |
||
| 650 | 4 |
_aARTE - _xTECNICA _92509 |
|
| 650 | 7 |
_aLibros ilustrados para niños _2 _921365 |
|
| 700 | 1 |
_aGranström, Brita, _ecoaut. |
|
| 905 | _aInfantil | ||
| 999 |
_c176523 _d176523 |
||